Loading...

Chemical oceanography, Vol.1

Bibliographic Details
Main Author: Riley, J P, Ed.; Skirrow, G, Ed
Format: Printed Book
Published: Academic Press, New York 1975
Edition:2
Subjects:
LEADER 00548nam a2200193 4500
020
082 |a 551.4601 RIL-C2.1 
100 |a Riley, J P, Ed.; Skirrow, G, Ed. 
245 |a Chemical oceanography, Vol.1 
250 |a 2 
260 |a Academic Press, New York  |c 1975 
300 |a 606 
490
500
590 |a PRP  |b 2011-03-22 16:28:12 
650 |a Chemical Oceanography 
942 |c BK 
999 |c 97896  |d 97896 
952 |0 0  |1 0  |4 0  |6 551_460100000000000_RILC2_1  |7 0  |9 111364  |a AQU  |b AQU  |l 0  |o 551.4601 RIL-C2.1  |p AQU04389  |r 2019-09-25  |w 2019-09-25  |y BK